000 01213nam a2200265Ia 4500
999 _c53009
_d53009
001 20040
003 GE_BSU
005 20200604221246.0
008 181216s1999||||ge |||||||||||||| ||geo||
020 _a1512-0236
040 _cGE_BSU
041 _ageo
080 _a811.353.1'342 ა-98
100 _aახვლედიანი, გიორგი
_98300
245 _aზოგადი ფონეტიკის საფუძვლები :
_cგიორგი ახვლედიანი ; რედ. თ. გამყრელიძე.
264 _aთბილისი :
_bსულხან-საბა ორბელიანის პედ. უნ-ტის გამ-ბა,
_c1999.
300 _a442 გვ. ;
_c20 სმ.
490 _a(ქართველოლოგიური ბიბლიოთეკა)
_v1
504 _aბიბლიოგრაფია ტექსტის შენიშვნები
541 _h7ლ.
653 _aქართული ენა
653 _aქართული ენის ფონეტიკა
700 _aგამყრელიძე, თ.
_eრედაქტორი
_93546
942 _cBK
_2udc